000 00487nam a22001697a 4500
082 _a621
_bNEW
_cL-7, P-23
100 _aCamm, F-J
_941027
245 _aNewnes Engineers Reference Book
260 _bDunlop and Ranked Ltd
300 _aP-1727
_bIllus
526 _a0
_b0
_c0
_d621_000000000000000_NEW
526 _a0
_b0
_c0
_d621_000000000000000_NEW
526 _a0
_b0
_c0
_d621_000000000000000_NEW
526 _a0
_b0
_c0
_d621_000000000000000_NEW
650 _aMCE
_9379
942 _2ddc
_cBK
999 _c550575
_d550575